MANUALES PARA EDUCACION AGROPECUARIA. HORTICULTURA V.15 (Registro nro. 222850)
[ vista simple ]
| 000 -LEADER | |
|---|---|
| campo de control de longitud fija | 00912nam a2200241Ia 4500 |
| 005 - FECHA Y HORA DE LA ÚLTIMA TRANSACCIÓN | |
| campo de control | 20250425162126.0 |
| 008 - DATOS DE LONGITUD FIJA--INFORMACIÓN GENERAL | |
| campo de control de longitud fija | 250425s9999 xx 000 0 und d |
| 020 ## - NÚMERO INTERNACIONAL ESTÁNDAR DEL LIBRO | |
| Número Internacional Estándar del Libro | 968243789X |
| 041 ## - CÓDIGO DE IDIOMA | |
| Código de lengua del texto/banda sonora o título independiente | spa |
| 082 ## - NÚMERO DE LA CLASIFICACIÓN DECIMAL DEWEY | |
| Número de clasificación | 631 |
| 010 ## - NÚMERO DE CONTROL DE LA BIBLIOTECA DEL CONGRESO | |
| Número de control de LC | 51507 |
| 100 ## - ENTRADA PRINCIPAL--NOMBRE DE PERSONA | |
| Nombre de persona | VAN HAEFF, J N |
| 245 #0 - MENCIÓN DEL TÍTULO | |
| Título | MANUALES PARA EDUCACION AGROPECUARIA. HORTICULTURA V.15 |
| 250 ## - MENCION DE EDICION | |
| Mención de edición | 2A ED. |
| 260 ## - PUBLICACIÓN, DISTRIBUCIÓN, ETC. | |
| Lugar de publicación, distribución, etc. | MEXICO |
| 260 ## - PUBLICACIÓN, DISTRIBUCIÓN, ETC. | |
| Lugar de publicación, distribución, etc. | México |
| Nombre del editor, distribuidor, etc. | TRILLAS |
| Fecha de publicación, distribución, etc. | 1990 |
| 300 ## - DESCRIPCIÓN FÍSICA | |
| Extensión | 112 |
| 500 ## - NOTA GENERAL | |
| Nota general | EN CIBGZ-FIMCP 50194/195 C.1-2 V.15 PARA ING. AGROP. Y TECN. AGRICOLA. |
| 520 ## - RESUMEN, ETC. | |
| Sumario, etc. | LA HORTICULTURA ES LA RAMA DE LA AGRICULTURA QUE TRATA DE CULTIVOS DE HORTALIZAS. LA OLEICULTURA ES LA RAMA DE LA HORTICULTURA QUE TRATA DE LOS CULTIVOS DE HIERBAS DE COCINA, QUE POR LO COMUN SE CONOCEN COMO HORTALIZAS.ESTE LIBRO CONTIENE:CLASIFICACIO |
| 650 ## - PUNTO DE ACCESO ADICIONAL DE MATERIA--TÉRMINO DE MATERIA | |
| Término de materia o nombre geográfico como elemento de entrada | HORTICULTURA |
| 710 ## - ENTRADA AGREGADA--NOMBRE DE ENTIDAD CORPORATIVA | |
| Nombre de entidad corporativa o nombre de jurisdicción como elemento de entrada | DIRECCION GENERAL DE EDUCACION TECNOLOGICA AGROPECUARIA |
| 942 ## - ELEMENTOS DE ENTRADA SECUNDARIOS (KOHA) | |
| Tipo de ítem Koha | Libros |
| Estatus retirado | Estado de pérdida | Estado de daño | No para préstamo | Biblioteca de origen | Biblioteca actual | Fecha de adquisición | Coste, precio normal de compra | Total de préstamos | Código de barras | Copia número |
|---|---|---|---|---|---|---|---|---|---|---|
| FACULTAD DE INGENIERIA MECANICA Y CIENCIAS DE LA PRODUCCION | FACULTAD DE INGENIERIA MECANICA Y CIENCIAS DE LA PRODUCCION | 08/12/2003 | 8.00 | 50194 | 1 | |||||
| FACULTAD DE INGENIERIA MECANICA Y CIENCIAS DE LA PRODUCCION | FACULTAD DE INGENIERIA MECANICA Y CIENCIAS DE LA PRODUCCION | 11/02/2004 | 8.00 | 50195 | 2 |